00496nam a2200169Ia 4500003000900000008004100009020001800050040001600068080001300084100002000097245010600117250001200223260004200235300001400277650001900291650001600310IN-BaIIA211028s9999 xx 000 0 eng d a0-442-05939-6 cIIA Library a772bNEB aNeblette, C. B. 0aPhotography its materials and processescC. B. Neblette  a6th ed. aNew YorkbVan Nostrand Reinholdc1962 avi, 506p. aNASA Thesaurus aPhotography